Global construction disputes (Record no. 114273)

MARC details
000 -LEADER
fixed length control field 01037cad a22002055a 4500
001 - CONTROL NUMBER
control field L156487
008 - FIXED-LENGTH DATA ELEMENTS--GENERAL INFORMATION
fixed length control field 120529s2012 xxk 000 0 eng d
035 ## - SYSTEM CONTROL NUMBER
System control number (Sirsi) u156487
041 0# - LANGUAGE CODE
Language code of text/sound track or separate title eng
110 2# - MAIN ENTRY--CORPORATE NAME
Corporate name or jurisdiction name as entry element EC Harris
9 (RLIN) 4930
245 00 - TITLE STATEMENT
Title Global construction disputes
Remainder of title May 2012
Medium [electronic resource]
260 ## - PUBLICATION, DISTRIBUTION, ETC.
Place of publication, distribution, etc. [S.l.]
Name of publisher, distributor, etc. EC Harris
Date of publication, distribution, etc. 2012
520 ## - SUMMARY, ETC.
Summary, etc. Disputes in the construction industry tended to last longer but were of lower value in 2011 according to this year's 'Global Construction Disputes' report from EC Harris. However the report found that disputes in the Middle East were bucking the overall downward trend, with the average value of disputes increasing to US$112m from US$56.25m in 2010.
590 ## - LOCAL NOTE (RLIN)
Local note KA NTK
651 #4 - SUBJECT ADDED ENTRY--GEOGRAPHIC NAME
Geographic name International
690 ## - LOCAL SUBJECT ADDED ENTRY--TOPICAL TERM (OCLC, RLIN)
Topical term or geographic name as entry element Dispute resolution
9 (RLIN) 6236
690 ## - LOCAL SUBJECT ADDED ENTRY--TOPICAL TERM (OCLC, RLIN)
Topical term or geographic name as entry element Construction management
9 (RLIN) 6230
856 40 - ELECTRONIC LOCATION AND ACCESS
Uniform Resource Identifier <a href="https://www.echarris.com/reference/news/global%20construction%20disputes.aspx">https://www.echarris.com/reference/news/global%20construction%20disputes.aspx</a>
Public note View the summary free of charge and request a copy of the report at www.echarris.com
942 ## - ADDED ENTRY ELEMENTS (KOHA)
Suppress in OPAC 0
Holdings
Withdrawn status Lost status Source of classification or shelving scheme Damaged status Not for loan Home library Current library Shelving location Date acquired Total Checkouts Full call number Barcode Date last seen Copy number Price effective from Koha item type
    Dewey Decimal Classification     Virtual Virtual Online 29/05/2012   ONLINE PUBLICATION 156487-2001 06/08/2019 1 06/08/2019 Book